La Beltraneja (Record no. 189142)

MARC details
000 -LEADER
campo de control de longitud fija 00747nam a2200193 i 4500
001 - NÚMERO DE CONTROL
campo de control 189142
003 - IDENTIFICADOR DE NÚMERO DE CONTROL
campo de control ES-MaACL
005 - FECHA Y HORA DE LA ÚLTIMA TRANSACCIÓN
campo de control 20251109135024.0
008 - DATOS DE LONGITUD FIJA--INFORMACIÓN GENERAL
campo de control de longitud fija 190408s1871 sp |||| | spa d
080 ## - NÚMERO DE LA CLASIFICACIÓN DECIMAL UNIVERSAL
Número de la Clasificación Decimal Universal 821.134.2-23"18"
100 1# - ENTRADA PRINCIPAL--NOMBRE DE PERSONA
Nombre de persona Retes, Francisco Luis de,
Fechas asociadas al nombre 1822-1901
9 (RLIN) 131729
245 13 - MENCIÓN DEL TÍTULO
Título La Beltraneja
Resto del título : drama en tres actos en verso /
Mención de responsabilidad, etc. original de Francisco Luis de Retes y Francisco Pérez Echevarría.
250 ## - MENCION DE EDICION
Mención de edición 2ª ed.
260 ## - PUBLICACIÓN, DISTRIBUCIÓN, ETC.
Lugar de publicación, distribución, etc. [S.l.] :
Nombre del editor, distribuidor, etc. [s.n.],
Fecha de publicación, distribución, etc. 1871 (
Lugar de fabricación/manufactura Madrid :
Fabricante Imp. de Gabriel Alhambra)
300 ## - DESCRIPCIÓN FÍSICA
Extensión 87 p. ;
Dimensiones 21 cm.
700 1# - ENTRADA AGREGADA--NOMBRE PERSONAL
Nombre de persona Pérez Echevarría, Francisco,
Fechas asociadas al nombre 1842-1884
9 (RLIN) 131463
852 ## - LOCALIZACIÓN
Ubicación ES-MaACL
Número de control de estantería D-703(6)
Nota libre .- Legado M. de la Fuente
-- .- Enc. en un vol. facticio
Holdings
Estatus retirado Estado de pérdida Estado de daño No para préstamo Colección Biblioteca de origen Biblioteca actual Ubicación en estantería Fecha de adquisición Fuente de adquisición Total de préstamos Signatura topográfica completa Código de barras Visto por última vez Precio de reemplazo Tipo de ítem Koha
        Libros del s. XIX Biblioteca del Ateneo de Madrid Biblioteca del Ateneo de Madrid Sala Valle Inclán 08/04/2019     D-703(6) 901200324 23/02/2023 23/02/2023 Libro impreso antiguo